000 01438nam a22002537a 4500
001 4706
003 FISKH
005 20240923135016.0
008 240923b cb ||||| |||| 00| 0 eng d
020 _a9780141439587
040 _aFISKH
_beng
_cFISKH
_dFISKH
050 _aPR4034
082 _2823.7
100 _aAusten, Jane
_d(1775–1817)
245 _aEmma /
_cJane Austen Edit with an Introduction and Notes by Fiona Stafford
250 _aPublished in 1996
260 _aLondon :
_bPenguin,
_c1996.
300 _a474 pages :
_c20cm
520 _aEmma is a literary classic by Jane Austen following the genteel women of Georgian-Regency England in their most cherished sport: matchmaking. Emma is spoiled, headstrong, and self-satisfied. After a couple she has introduced gets married, she greatly overestimates her own matchmaking abilities and, blind to the dangers of meddling in other people's lives, proceeds to forge ahead in her new interest despite objections. What follows is a comedy of manners, in which Emma repeatedly counsels her friends for or against their marriage prospects, absent any notice of their true emotions or desires. This story is often cited as a personal favorite of critics and literary historians, and Emma is set apart from other Austen heroines by her seeming immunity to romantic attraction.
650 _2Novel
_aClassics
650 _2Romance
_aLove
942 _2ddc
_cBK
_n0
999 _c4706
_d4706